| Tag |
First Indicator |
Second Indicator |
Subfields |
| LEADER |
00000cam a2200000Mi 4500 |
| 001 |
in00003564713 |
| 006 |
m o d |
| 007 |
cr mnu---uuaaa |
| 008 |
121227s1996 enka ob 001 0 eng |
| 005 |
20260421181039.6 |
| 019 |
|
|
|a 605106259
|a 657974265
|
| 020 |
|
|
|a 9781447110019 (electronic bk.)
|
| 020 |
|
|
|a 1447110013 (electronic bk.)
|
| 020 |
|
|
|z 9783540199649
|
| 020 |
|
|
|z 3540199640
|
| 035 |
|
|
|a (OCoLC)853262224
|z (OCoLC)605106259
|z (OCoLC)657974265
|
| 040 |
|
|
|a AU@
|b eng
|e pn
|c AU@
|d OCLCO
|d OCLCQ
|d OCLCE
|d OCLCQ
|d GW5XE
|d UtOrBLW
|
| 042 |
|
|
|a dlr
|
| 049 |
|
|
|a TXAM
|
| 050 |
|
4 |
|a QA76.758
|
| 072 |
|
7 |
|a UMZ
|2 bicssc
|
| 072 |
|
7 |
|a COM051230
|2 bisacsh
|
| 082 |
0 |
4 |
|a 005.1
|2 23
|
| 084 |
|
|
|a ST 278
|2 rvk
|
| 084 |
|
|
|a ST 280
|2 rvk
|
| 100 |
1 |
|
|a Benyon, David.
|
| 245 |
1 |
0 |
|a Critical Issues in User Interface Systems Engineering /
|c edited by David Benyon, Philippe Palanque.
|
| 264 |
|
1 |
|a London :
|b Springer London,
|c 1996.
|
| 300 |
|
|
|a 1 online resource (xv, 294 pages 50 illustrations)
|
| 336 |
|
|
|a text
|b txt
|2 rdacontent
|
| 337 |
|
|
|a computer
|b c
|2 rdamedia
|
| 338 |
|
|
|a online resource
|b cr
|2 rdacarrier
|
| 520 |
|
|
|a This book discusses the issues arising from the emerging discipline of User Interface Systems Engineering (UISE). It contains contributions from software engineers involved in the development and implementation of systems, systems modellers charged with developing representations for systems, and tool builders developing enhanced software tools for systems developers. By providing different viewpoints this book bridges the gap between these groups of previously distant practitioners. The contributions in this book have been carefully updated and edited to provide a clear review of the current state of the art in this important area. Critical Issues in User Interface Systems Engineering will be appropriate for a wide range of specialist courses on user interface development, particularly software engineering courses on user interface design and for courses on human-computer interaction which emphasise the need to implement rather than simply discuss interfaces.
|
| 504 |
|
|
|a Includes bibliographical references (pages 265-282) and index.
|
| 505 |
0 |
|
|a Domains models for user interface design / David Benyon -- Domain specific design of user interfaces : case handling and data entry problems / Jan Gulliksen & Bengt Sanblad -- A method for task-related information analysis / Alistair Sutcliffe -- Task models, systems models : a formal bridge over the gap / Philippe Palanque & Rémi Bastide -- ETAG-based design : user interface design as user mental model design / Geert de Haan -- A methodology for a task-driven modelling of interactive systems architectures / Fabio Paternó -- Key activities for a development methodology of interactive applications / François Bodart [and others] -- Design of workplace-integrating user interfaces based on work scenario graphs / Hans-W. Gellersen & Max Mühlhäuser -- Methods & tools for supporting the user interface design process / David Bell [and others] -- User centred complex system design : combining strategy, methods and front end technology / Bryan Murray, Linda Candy & Ernest Edmonds -- Agent-based architecture modelling for interactive systems / Joelle Coutaz, Laurence Nigay & Daniel Salber -- Towards a flexible software architecture of interactive systems / Michael Goedicke & Bettina Sucrow -- Literate development : weaving human context into design specifications / Gilbert Cockton [and others] -- Metaphors in user interface development : methods and requirements for effective support / Manfred Tscheligi, Kaisa Väänänen-Vainio-Mattila.
|
| 538 |
|
|
|a Master and use copy. Digital master created according to Benchmark for Faithful Digital Reproductions of Monographs and Serials, Version 1. Digital Library Federation, December 2002.
|u http://purl.oclc.org/DLF/benchrepro0212
|5 MiAaHDL
|
| 583 |
1 |
|
|a digitized
|c 2010
|h HathiTrust Digital Library
|l committed to preserve
|2 pda
|5 MiAaHDL
|
| 500 |
|
|
|a Electronic resource.
|
| 650 |
|
0 |
|a Computer science.
|
| 650 |
|
0 |
|a Computer system performance.
|
| 650 |
|
0 |
|a Software engineering.
|
| 650 |
0 |
7 |
|a Aufsatzsammlung.
|2 swd
|
| 650 |
0 |
7 |
|a Benutzerschnittstellenentwurfssystem.
|2 swd
|
| 655 |
|
7 |
|a Electronic books.
|2 local
|
| 700 |
1 |
|
|a Palanque, Philippe.
|
| 710 |
2 |
|
|a SpringerLink (Online service)
|
| 776 |
1 |
8 |
|i Print version:
|z 9783540199649
|
| 856 |
4 |
0 |
|u http://proxy.library.tamu.edu/login?url=https://link.springer.com/10.1007/978-1-4471-1001-9
|z Connect to the full text of this electronic book
|t 0
|
| 994 |
|
|
|a 92
|b TXA
|
| 999 |
|
|
|a MARS
|
| 999 |
f |
f |
|s 892abac6-ede9-36f0-8a57-b7473e171560
|i 13d57638-ccc1-3a11-9572-af8d11389c9d
|t 0
|
| 952 |
f |
f |
|a Texas A&M University
|b College Station
|c Electronic Resources
|s www_evans
|d Available Online
|t 0
|e QA76.758
|h Library of Congress classification
|
| 998 |
f |
f |
|a QA76.758
|t 0
|l Available Online
|